| 000 | 00462nam a2200169 i 4500 | ||
|---|---|---|---|
| 001 | 35972 | ||
| 003 | ES-MaACL | ||
| 005 | 20230906155248.0 | ||
| 007 | t| | ||
| 008 | 030214s1935 fr ||||1| fre d | ||
| 100 | 1 |
_aBourdet, Edouard. _930959 |
|
| 245 | 1 | 4 |
_aLes temps difficiles _b: piece en 4 actes / _cEdouard Bourdet. |
| 250 | _a3eme ed. | ||
| 260 |
_aParĂs : _b[s.n., _c1935] ( _fImp. Moderne) |
||
| 300 |
_a254 p. ; _c19 cm. |
||
| 852 |
_aES-MaACL _jA-3342 |
||
| 999 |
_c35972 _d35972 |
||